[Event "Bundesliga 2324"]
[Site "Germany"]
[Date "2024.01.14"]
[Round "6.6"]
[White "Jovanovic, Zoran"]
[Black "Lubbe, Nikolas"]
[Result "1/2-1/2"]
[WhiteElo "2513"]
[BlackElo "2508"]
[PlyCount "67"]
[EventDate "2023.10.21"]
[EventType "team-tourn"]
[EventRounds "15"]
[EventCountry "GER"]
[SourceTitle "CB03_2024"]
[SourceDate "2024.01.17"]
[SourceVersion "1"]
[SourceVersionDate "2024.01.17"]
[SourceQuality "1"]
[WhiteTeam "Kirchweyhe"]
[BlackTeam "Hamburger SK"]
[WhiteTeamCountry "GER"]
[BlackTeamCountry "GER"]

1. e4 c5 2. Nf3 e6 3. g3 Nc6 4. Bg2 Nf6 5. Nc3 d5 6. exd5 exd5 7. d4 Bg4 8. h3 Bxf3 9. Qxf3 Nxd4 10. Qd3 Be7 11. 0-0 0-0 12. Be3 Qb6 13. Bxd4 cxd4 14. Nxd5 Nxd5 15. Bxd5 Rad8 16. Bb3 Bf6 17. Rfe1 Qc7 18. Re4 Qd7 19. h4 Rfe8 20. Rxe8+ Rxe8 21. a4 Qg4 22. Bd5 Re7 23. Bf3 Qd7 24. Kg2 a5 25. Qb3 Qc7 26. Rd1 h6 27. Rd2 b6 28. Re2 Rxe2 29. Bxe2 g5 30. h5 Kg7 31. Qd5 d3 32. Bxd3 Bxb2 33. Qe4 Qd6 34. Bc4 1/2-1/2

[Event "World-chT Rapid"]
[Site "Dusseldorf"]
[Date "2023.08.28"]
[Round "10"]
[White "Lubbe, Nikolas"]
[Black "Dominguez Perez, Leinier"]
[Result "0-1"]
[WhiteElo "2501"]
[BlackElo "2739"]
[PlyCount "150"]
[EventDate "2023.08.26"]
[EventType "team-swiss (rapid)"]
[EventRounds "12"]
[EventCountry "GER"]
[SourceTitle "CBM 215 Extra"]
[Source "ChessBase"]
[SourceDate "2023.09.30"]
[SourceVersion "1"]
[SourceVersionDate "2023.09.30"]
[SourceQuality "1"]
[WhiteTeam "Team Chessemy.com"]
[BlackTeam "Chess Pensioners"]
[WhiteTeamCountry "GER"]
[BlackTeamCountry "USA"]

1. d4 Nf6 2. Nf3 d5 3. c4 e6 4. e3 b6 5. b3 Bb7 6. Bd3 Nbd7 7. 0-0 Bd6 8. cxd5 exd5 9. Ba3 c5 10. Nc3 0-0 11. Rc1 Re8 12. Qe2 a6 13. Rfd1 Qe7 14. Bb2 g6 15. Qc2 Rac8 16. Qe2 Ra8 17. Qc2 cxd4 18. Nxd4 Ne5 19. Bf1 Rac8 20. Qe2 h5 21. g3 h4 22. Bg2 hxg3 23. hxg3 b5 24. Nb1 Ne4 25. Rxc8 Rxc8 26. Rc1 Rxc1+ 27. Bxc1 Bc8 28. Qc2 Bb7 29. Nc3 Ng4 30. Nxd5 Bxd5 31. Qc8+ Kh7 32. Qxg4 Nf6 33. Qh4+ Kg7 34. Bb2 Bxg2 35. Kxg2 Qe5 36. Kf1 Be7 37. Qf4 Qh5 38. Nf3 Qh1+ 39. Ng1 Qc6 40. Bd4 Kf8 41. Nf3 Nd7 42. Qh6+ Ke8 43. Qh8+ Nf8 44. Ne5 Qe4 45. Qg8 Qb1+ 46. Kg2 Qe4+ 47. Kh2 Qf5 48. e4 Qe6 49. f3 Bd6 50. Ng4 Be7 51. Ne3 f5 52. Qxe6 Nxe6 53. Bb2 fxe4 54. fxe4 Nc5 55. e5 Nd3 56. Bd4 Nc1 57. Nd5 Nxa2 58. Nc7+ Kd7 59. Nxa6 Kc6 60. Nb8+ Kd5 61. Bb2 Nb4 62. Nd7 Nd3 63. Ba1 Nc1 64. Nf6+ Ke6 65. Ne4 Nxb3 66. Bb2 Na5 67. Nd2 Bb4 68. Nf3 Nc4 69. Ba1 Bc5 70. Kh3 b4 71. Kg4 Be7 72. Kf4 Kd5 73. Kg4 b3 74. Nh4 Nxe5+ 75. Bxe5 Bxh4 0-1

[Event "World-chT Rapid"]
[Site "Dusseldorf"]
[Date "2023.08.27"]
[Round "6.6"]
[White "Moussard, Jules"]
[Black "Lubbe, Nikolas"]
[Result "1-0"]
[WhiteElo "2661"]
[BlackElo "2501"]
[PlyCount "41"]
[EventDate "2023.08.26"]
[EventType "team-swiss (rapid)"]
[EventRounds "12"]
[EventCountry "GER"]
[SourceTitle "CBM 215 Extra"]
[Source "ChessBase"]
[SourceDate "2023.09.30"]
[SourceVersion "1"]
[SourceVersionDate "2023.09.30"]
[SourceQuality "1"]
[WhiteTeam "Chessbrah OFM"]
[BlackTeam "Team Chessemy.com"]
[WhiteTeamCountry "NOR"]
[BlackTeamCountry "GER"]

1. e4 c5 2. Nf3 d6 3. d4 cxd4 4. Nxd4 Nf6 5. Nc3 Nc6 6. Bg5 e6 7. Qd2 a6 8. 0-0-0 Bd7 9. Kb1 Nxd4 10. Qxd4 b5 11. f4 h6 12. Bh4 Rb8 13. e5 dxe5 14. fxe5 g5 15. Be1 Ng8 16. Ne4 Bc6 17. Nd6+ Bxd6 18. exd6 f6 19. h4 Qb6 20. d7+ Kd8 21. Qxb6+ 1-0

[Event "BL2-West 2223"]
[Site "Germany"]
[Date "2023.02.26"]
[Round "8.1"]
[White "Lenaerts, Lennert"]
[Black "Lubbe, Nikolas"]
[Result "0-1"]
[WhiteElo "2375"]
[BlackElo "2486"]
[PlyCount "86"]
[EventDate "2022.10.22"]
[EventType "team-tourn"]
[EventRounds "10"]
[EventCountry "GER"]
[SourceTitle "EXT 2024"]
[Source "ChessBase"]
[SourceDate "2023.10.10"]
[SourceVersion "1"]
[SourceVersionDate "2023.10.10"]
[SourceQuality "1"]
[WhiteTeam "Muelheim Nord II"]
[BlackTeam "Neuberg"]
[WhiteTeamCountry "GER"]
[BlackTeamCountry "GER"]

1. d4 d5 2. c4 e6 3. Nc3 Nf6 4. cxd5 exd5 5. Bg5 Be7 6. e3 0-0 7. Bd3 Re8 8. Nf3 c6 9. Qc2 Ne4 10. Bf4 Bf5 11. Nd2 Bb4 12. a3 Bxc3 13. bxc3 Nd7 14. 0-0 Nxd2 15. Qxd2 Bxd3 16. Qxd3 Nb6 17. Rfb1 Qe7 18. a4 Nc4 19. a5 h6 20. a6 b6 21. Re1 Qe6 22. f3 f5 23. Re2 Re7 24. Rae1 Rae8 25. e4 fxe4 26. fxe4 Qg6 27. h3 b5 28. Qb1 dxe4 29. d5 cxd5 30. Qxb5 Rd8 31. Rb1 Qf6 32. Qc5 Rf7 33. Bc7 Rdd7 34. Qxa7 Rxc7 35. Qa8+ Kh7 36. Ra2 Ne3 37. Rb8 Rxc3 38. Rh8+ Kg6 39. Qb8 Rc1+ 40. Kh2 Nf1+ 41. Kg1 Ng3+ 42. Kh2 Rh1+ 43. Kxg3 Qg5# 0-1

[Event "BL2-West 2223"]
[Site "Germany"]
[Date "2023.02.25"]
[Round "7.1"]
[White "Lubbe, Nikolas"]
[Black "Agrest, Evgenij"]
[Result "1-0"]
[WhiteElo "2486"]
[BlackElo "2567"]
[PlyCount "123"]
[EventDate "2022.10.22"]
[EventType "team-tourn"]
[EventRounds "10"]
[EventCountry "GER"]
[SourceTitle "EXT 2024"]
[Source "ChessBase"]
[SourceDate "2023.10.10"]
[SourceVersion "1"]
[SourceVersionDate "2023.10.10"]
[SourceQuality "1"]
[WhiteTeam "Neuberg"]
[BlackTeam "Duesseldorf"]
[WhiteTeamCountry "GER"]
[BlackTeamCountry "GER"]

1. d4 d5 2. Nf3 Nf6 3. c4 c6 4. e3 a6 5. Nc3 e6 6. b3 Bb4 7. Bd2 Bd6 8. Bd3 c5 9. cxd5 exd5 10. dxc5 Bxc5 11. h3 0-0 12. 0-0 Nc6 13. Bc1 Qe7 14. Bb2 Rd8 15. Rc1 Ne4 16. Ne2 Bb6 17. Ned4 Qe8 18. Qe2 Rd6 19. Rfd1 Ne7 20. Bb1 Rh6 21. Ne5 Rf6 22. Nd3 Ng6 23. Nf3 Re6 24. Bd4 Bxd4 25. Nxd4 Rf6 26. Nf3 Qb5 27. Nd4 Qb6 28. Qc2 a5 29. Qc7 Qxc7 30. Rxc7 b6 31. f3 Nd6 32. Nb2 Ne8 33. Rc3 Ne7 34. g4 g5 35. Kf2 Bd7 36. Bd3 Nd6 37. Rc7 Rd8 38. Kg3 h6 39. h4 gxh4+ 40. Kxh4 Kf8 41. Kg3 Ne8 42. Rb7 Nd6 43. Ra7 Nec8 44. Rc7 Ne8 45. Rc2 Ncd6 46. Rh1 b5 47. Rc5 a4 48. Rxd5 axb3 49. axb3 Nc7 50. Rdh5 Kg7 51. e4 Nb7 52. Rc1 Na6 53. Nxb5 Nb4 54. Bf1 Be6 55. Nc7 Na2 56. Nxe6+ Rxe6 57. Rc7 Nd6 58. Nd3 Rb8 59. Nf4 Nxe4+ 60. fxe4 Rxb3+ 61. Kh4 Rxe4 62. Rf5 1-0

[Event "BL2-West 2223"]
[Site "Germany"]
[Date "2023.02.05"]
[Round "6.1"]
[White "Seel, Christian"]
[Black "Lubbe, Nikolas"]
[Result "1/2-1/2"]
[WhiteElo "2488"]
[BlackElo "2486"]
[PlyCount "94"]
[EventDate "2022.10.22"]
[EventType "team-tourn"]
[EventRounds "10"]
[EventCountry "GER"]
[SourceTitle "EXT 2024"]
[Source "ChessBase"]
[SourceDate "2023.10.10"]
[SourceVersion "1"]
[SourceVersionDate "2023.10.10"]
[SourceQuality "1"]
[WhiteTeam "Aachen SV"]
[BlackTeam "Neuberg"]
[WhiteTeamCountry "GER"]
[BlackTeamCountry "GER"]

1. Nf3 Nf6 2. c4 e6 3. Nc3 Bb4 4. Qc2 d5 5. a3 Be7 6. d4 Nbd7 7. e4 Nxe4 8. Nxe4 dxe4 9. Qxe4 c5 10. Be3 Qa5+ 11. Bd2 Qb6 12. b4 Nf6 13. Qc2 cxd4 14. c5 Qc7 15. Nxd4 Qe5+ 16. Be3 Nd5 17. Bb5+ Kf8 18. Qe2 Nxe3 19. fxe3 Bh4+ 20. g3 Bf6 21. 0-0 h5 22. Rad1 a6 23. Ba4 a5 24. Qb5 g5 25. Nf3 Qxe3+ 26. Kh1 Kg7 27. Rde1 Qxa3 28. Ne5 Qxb4 29. Qe2 Rh6 30. Nxf7 Qxa4 31. Nxh6 Qc6+ 32. Qg2 Bd7 33. h4 gxh4 34. Rf3 h3 35. Qf2 Kxh6 36. Kh2 Bg7 37. Rd1 Kh7 38. Rd6 Qb5 39. Rf7 Be8 40. Rxg7+ Kxg7 41. Rxe6 Qd7 42. Qf6+ Kg8 43. Re7 Qg4 44. Re5 Kh7 45. Re7+ Kg8 46. Re5 Kh7 47. Re7+ Kg8 1/2-1/2

[Event "BL2-West 2223"]
[Site "Germany"]
[Date "2023.02.04"]
[Round "5.1"]
[White "Lubbe, Nikolas"]
[Black "Lutz, Christopher"]
[Result "1/2-1/2"]
[WhiteElo "2486"]
[BlackElo "2532"]
[PlyCount "118"]
[EventDate "2022.10.22"]
[EventType "team-tourn"]
[EventRounds "10"]
[EventCountry "GER"]
[SourceTitle "EXT 2024"]
[Source "ChessBase"]
[SourceDate "2023.10.10"]
[SourceVersion "1"]
[SourceVersionDate "2023.10.10"]
[SourceQuality "1"]
[WhiteTeam "Neuberg"]
[BlackTeam "Koeln Porz"]
[WhiteTeamCountry "GER"]
[BlackTeamCountry "GER"]

1. d4 Nf6 2. Nf3 e6 3. c4 d5 4. e3 Be7 5. b3 0-0 6. Bd3 b6 7. Nbd2 c5 8. Bb2 Bb7 9. 0-0 Nc6 10. Rc1 cxd4 11. exd4 Rc8 12. Qe2 Qc7 13. a3 Rfe8 14. c5 a5 15. Rfe1 Nd7 16. Qe3 Bf6 17. Ng5 Nf8 18. Ndf3 bxc5 19. Rxc5 Qb6 20. b4 axb4 21. axb4 Ra8 22. b5 Ne7 23. Qf4 Neg6 24. Qc7 Qxc7 25. Rxc7 Re7 26. Rec1 Ra2 27. Rxe7 Bxe7 28. Rc7 Rxb2 29. Rxb7 h6 30. Nh3 f5 31. g3 Bd8 32. Kf1 Ba5 33. Ra7 Bb6 34. Rb7 Ba5 35. Nhg1 Rb3 36. Ke2 Bc3 37. Ke3 e5 38. dxe5 Bxe5 39. Ke2 f4 40. Nd2 Rb2 41. Ngf3 Bc3 42. Kd1 Ne5 43. Bc2 fxg3 44. hxg3 Nxf3 45. Nxf3 g5 46. Nh2 h5 47. Nf3 Bf6 48. Rb6 Be7 49. Ne5 Bc5 50. Rh6 Rxb5 51. Rxh5 Be7 52. Ng4 Kg7 53. Ne3 Bd8 54. Nf5+ Kg8 55. Nd4 Ra5 56. Bb3 Bf6 57. Nc6 Rb5 58. Ba4 Rb2 59. f4 gxf4 1/2-1/2

[Event "Titled Tuesday intern op 06th Sep Early"]
[Site "Chess.com INT"]
[Date "2022.09.06"]
[Round "3"]
[White "Karas, Marek"]
[Black "Lubbe, Nikolas"]
[Result "1/2-1/2"]
[WhiteElo "2233"]
[BlackElo "2479"]
[PlyCount "240"]
[EventDate "2022.09.06"]
[EventType "swiss (blitz)"]
[EventRounds "11"]
[EventCountry "USA"]
[SourceTitle "EXT 2023"]
[Source "ChessBase"]
[SourceDate "2022.10.05"]
[SourceVersion "1"]
[SourceVersionDate "2022.10.05"]
[SourceQuality "1"]

1. d4 d5 2. Nf3 e6 3. Bf4 Bd6 4. Bg3 Nf6 5. e3 b6 6. c4 0-0 7. Bd3 dxc4 8. Bxc4 Bb7 9. 0-0 Bxg3 10. hxg3 Nbd7 11. Nc3 c5 12. dxc5 Nxc5 13. Qe2 Qe7 14. Rfd1 Rfc8 15. Rac1 a6 16. a3 b5 17. Ba2 Nce4 18. Nxe4 Bxe4 19. Qd2 Bxf3 20. gxf3 g6 21. Qb4 Qxb4 22. axb4 Rxc1 23. Rxc1 Rd8 24. Rc6 Rd2 25. Rxa6 Rxb2 26. Ra3 Rxb4 27. Bb3 Nd7 28. Kf1 Nc5 29. Bc2 Rc4 30. Bd1 b4 31. Ra8+ Kg7 32. Ke2 Rc1 33. Kd2 Rc4 34. Be2 Nb3+ 35. Kd3 Rc3+ 36. Ke4 Kf6 37. f4 Nc5+ 38. Kf3 b3 39. Rb8 h5 40. Bd1 Ke7 41. Ke2 Kd6 42. Kd2 Rd3+ 43. Ke2 Kc6 44. Rc8+ Kb6 45. Rb8+ Ka5 46. Rc8 Kb4 47. Rb8+ Ka3 48. Ra8+ Kb2 49. Rc8 Rc3 50. Rf8 f5 51. Rg8 Kc1 52. Bxb3 Nxb3 53. Rxg6 Rc2+ 54. Ke1 Rc6 55. Rh6 Kc2 56. Ke2 Rd6 57. Rxh5 Nc1+ 58. Kf3 Rd2 59. g4 fxg4+ 60. Kxg4 Rxf2 61. Re5 Rg2+ 62. Kh5 Rh2+ 63. Kg6 Nb3 64. Rxe6 Kd3 65. f5 Nc5 66. Re7 Ne4 67. f6 Rg2+ 68. Kf5 Rf2+ 69. Ke5 Rxf6 70. Rd7+ Kxe3 71. Ra7 Rc6 72. Ra3+ Nc3 73. Rb3 Kd3 74. Ra3 Rc5+ 75. Kd6 Rh5 76. Ke6 Kd4 77. Kf6 Nd5+ 78. Kg6 Nf4+ 79. Kf6 Rb5 80. Ra4+ Ke3 81. Ra3+ Ke4 82. Ra4+ Kf3 83. Ke7 Kg4 84. Kd6 Kf5 85. Kc6 Re5 86. Rb4 Re6+ 87. Kb5 Re5+ 88. Kc4 Nd5 89. Rb2 Ke6 90. Rb8 Nc7 91. Rb6+ Kd7 92. Rb7 Kc6 93. Rb2 Re4+ 94. Kd3 Rh4 95. Rc2+ Kd6 96. Rf2 Nd5 97. Rf8 Rh3+ 98. Kd4 Rh4+ 99. Kd3 Kc5 100. Rc8+ Kb5 101. Rd8 Nb4+ 102. Ke3 Kc4 103. Rc8+ Kb3 104. Kf3 Rd4 105. Ke3 Rd7 106. Rc5 Nc2+ 107. Kf4 Nd4 108. Ke4 Ne6 109. Rb5+ Kc4 110. Rb6 Nc5+ 111. Ke5 Rd5+ 112. Kf4 Nd3+ 113. Ke4 Rd4+ 114. Ke3 Nc5 115. Rb8 Re4+ 116. Kf3 Re7 117. Kf4 Nd3+ 118. Kf5 Kd5 119. Rd8+ Kc4 120. Rc8+ Nc5 1/2-1/2

[Event "Titled Tuesday intern op 06th Sep Early"]
[Site "Chess.com INT"]
[Date "2022.09.06"]
[Round "10"]
[White "Lubbe, Nikolas"]
[Black "Kim, Sergey2222"]
[Result "1-0"]
[WhiteElo "2479"]
[BlackElo "2295"]
[PlyCount "113"]
[EventDate "2022.09.06"]
[EventType "swiss (blitz)"]
[EventRounds "11"]
[EventCountry "USA"]
[SourceTitle "EXT 2023"]
[Source "ChessBase"]
[SourceDate "2022.10.05"]
[SourceVersion "1"]
[SourceVersionDate "2022.10.05"]
[SourceQuality "1"]

1. e4 e5 2. Nf3 Nc6 3. Bc4 Bc5 4. b4 Bxb4 5. c3 Ba5 6. d4 d6 7. Qb3 Qd7 8. 0-0 Bb6 9. Nbd2 Na5 10. Qc2 Nxc4 11. Nxc4 exd4 12. cxd4 Ne7 13. Bb2 0-0 14. Rad1 Ng6 15. Rfe1 Qg4 16. Ne3 Qh5 17. d5 Bg4 18. Qc3 f6 19. Nf1 Ne5 20. Ng3 Qe8 21. Rd2 Nxf3+ 22. gxf3 Bh3 23. f4 Qg6 24. Qf3 Bg4 25. Qd3 Rae8 26. Bd4 h5 27. Bxb6 axb6 28. h4 Bd7 29. f5 Qg4 30. Kg2 Qxh4 31. Rh1 Qf4 32. Rxh5 Bb5 33. Qc3 c5 34. Rb2 Ba6 35. Rxb6 Rxe4 36. Nxe4 Qxe4+ 37. Qf3 Qd4 38. Rh3 Rd8 39. Rg3 Rd7 40. Rg4 Qe5 41. Rb3 c4 42. Re3 Qd4 43. Re8+ Kf7 44. Rxd4 Kxe8 45. Re4+ Kd8 46. Qe3 Kc7 47. Qd4 b5 48. Qa7+ Bb7 49. Qa5+ Kb8 50. Qxb5 Rc7 51. Re8+ Rc8 52. Rxc8+ Kxc8 53. Qxc4+ Kd7 54. Qd4 Kc7 55. Kg3 Kd7 56. Kf4 Kc7 57. a4 1-0

[Event "Titled Tuesday intern op 06th Sep Early"]
[Site "Chess.com INT"]
[Date "2022.09.06"]
[Round "7"]
[White "Lubbe, Nikolas"]
[Black "Yen, William"]
[Result "1-0"]
[WhiteElo "2479"]
[BlackElo "2056"]
[PlyCount "107"]
[EventDate "2022.09.06"]
[EventType "swiss (blitz)"]
[EventRounds "11"]
[EventCountry "USA"]
[SourceTitle "EXT 2023"]
[Source "ChessBase"]
[SourceDate "2022.10.05"]
[SourceVersion "1"]
[SourceVersionDate "2022.10.05"]
[SourceQuality "1"]

1. e4 e6 2. d4 d5 3. Nd2 h6 4. Ngf3 Nf6 5. e5 Nfd7 6. Bd3 c5 7. c3 Nc6 8. 0-0 g5 9. dxc5 Bxc5 10. Nb3 Bb6 11. Bb5 g4 12. Nfd4 Ncxe5 13. Re1 Qf6 14. Qe2 a6 15. Ba4 Bc7 16. Bxd7+ Bxd7 17. Nc5 0-0-0 18. Be3 Rhg8 19. g3 Nf3+ 20. Nxf3 gxf3 21. Qd3 Bb5 22. Qc2 h5 23. a4 Bc6 24. b4 h4 25. b5 hxg3 26. fxg3 d4 27. bxc6 dxe3 28. cxb7+ Kb8 29. Nxa6+ Kxb7 30. Nc5+ Ka7 31. Rxe3 Bb6 32. Kf1 Bxc5 33. Qe4 Bxe3 34. Qxe3+ Ka8 35. Rb1 Rb8 36. Qe4+ Ka7 37. Qe3+ Ka6 38. Qd3+ Ka7 39. Qd7+ Ka8 40. Qc6+ Ka7 41. Qc7+ Ka6 42. Rxb8 Rxb8 43. Qxb8 Qxc3 44. Qb5+ Ka7 45. Kf2 f5 46. a5 e5 47. Qb6+ Ka8 48. a6 Qd4+ 49. Qxd4 exd4 50. Kxf3 Ka7 51. Ke2 Kxa6 52. Kd3 Kb6 53. Kxd4 Kc6 54. Ke5 1-0

[Event "Titled Tuesday intern op 26th Jul Early"]
[Site "Chess.com INT"]
[Date "2022.07.26"]
[Round "3"]
[White "Lubbe, Nikolas"]
[Black "Ohanyan, Emin"]
[Result "1-0"]
[WhiteElo "2463"]
[BlackElo "2354"]
[PlyCount "133"]
[EventDate "2022.07.26"]
[EventType "swiss (blitz)"]
[EventRounds "11"]
[EventCountry "USA"]
[SourceTitle "EXT 2023"]
[Source "ChessBase"]
[SourceDate "2022.10.05"]
[SourceVersion "1"]
[SourceVersionDate "2022.10.05"]
[SourceQuality "1"]

1. d4 Nf6 2. Nc3 d5 3. Bf4 e6 4. Nb5 Na6 5. e3 c6 6. Nc3 Bd7 7. Nf3 Be7 8. Bxa6 bxa6 9. 0-0 0-0 10. Na4 Ne4 11. Nd2 Qa5 12. Nxe4 Qxa4 13. Nc5 Bxc5 14. dxc5 f6 15. Bd6 Rf7 16. b3 Qe4 17. Qd3 Qg6 18. Rac1 e5 19. Qxg6 hxg6 20. c4 Be6 21. cxd5 Bxd5 22. Rfe1 e4 23. Red1 Rb7 24. Rd4 a5 25. Ra4 Rb5 26. Bc7 Kf7 27. Bxa5 g5 28. Bc7 Rb7 29. Bd6 Ke6 30. h3 f5 31. Kf1 g4 32. hxg4 fxg4 33. Ke2 Rh8 34. Kd2 g6 35. Kc3 Rf7 36. Bg3 Rb7 37. Rd1 Ra8 38. Rdd4 a5 39. Bd6 Kd7 40. Rxe4 Bxe4 41. Rxe4 Re8 42. Rxg4 Re6 43. e4 Rb4 44. f3 Kc8 45. Rh4 Kb7 46. Rh8 Ka7 47. Rc8 Rb7 48. Rxc6 Re8 49. e5 Rh7 50. e6 Kb7 51. Rb6+ Ka8 52. e7 Ka7 53. a3 Rh1 54. Rb8 Rxe7 55. Rg8 Re6 56. b4 axb4+ 57. axb4 Rb1 58. Kc4 Re2 59. Kb5 Reb2 60. c6 Rc2 61. Bc5+ Rxc5+ 62. Kxc5 Rc1+ 63. Kb5 g5 64. Rxg5 Kb8 65. Rg7 Ka8 66. Kb6 Rxc6+ 67. Kxc6 1-0

[Event "Titled Tuesday intern op 12th Jul Early"]
[Site "Chess.com INT"]
[Date "2022.07.12"]
[Round "4"]
[White "Lubbe, Nikolas"]
[Black "Oparin, Grigoriy"]
[Result "1/2-1/2"]
[WhiteElo "2463"]
[BlackElo "2683"]
[PlyCount "148"]
[EventDate "2022.07.12"]
[EventType "swiss (blitz)"]
[EventRounds "11"]
[EventCountry "USA"]
[SourceTitle "EXT 2023"]
[Source "ChessBase"]
[SourceDate "2022.10.05"]
[SourceVersion "1"]
[SourceVersionDate "2022.10.05"]
[SourceQuality "1"]

1. d4 e6 2. Nf3 b6 3. c4 Bb7 4. e3 Bb4+ 5. Nbd2 f5 6. Bd3 Nf6 7. 0-0 0-0 8. a3 Be7 9. Qc2 a5 10. e4 fxe4 11. Nxe4 Nxe4 12. Bxe4 Bxe4 13. Qxe4 Nc6 14. Be3 Bf6 15. Rad1 Ne7 16. Rfe1 c6 17. Bf4 Rc8 18. Bd6 Rf7 19. b4 axb4 20. axb4 Nf5 21. Bg3 Qf8 22. d5 Nxg3 23. hxg3 exd5 24. cxd5 c5 25. bxc5 bxc5 26. Qc4 d6 27. Re6 Rb7 28. Nd2 Rb4 29. Qa6 c4 30. Ne4 Be5 31. f4 c3 32. fxe5 c2 33. Rc1 Rxe4 34. exd6 Rd4 35. d7 Rd8 36. Rxc2 Rxd5 37. Re8 Rxe8 38. dxe8Q Qxe8 39. Rc8 Rd8 40. Rxd8 Qxd8 41. Qe6+ Kh8 42. Kh2 h6 43. Qg6 Qf8 44. Qe6 Kh7 45. Qe4+ Kg8 46. Qd5+ Qf7 47. Qd8+ Kh7 48. Qd3+ Qg6 49. Qd5 Qf6 50. Qe4+ Kg8 51. Qd5+ Kf8 52. Qe4 Kf7 53. Qd5+ Qe6 54. Qb7+ Kf6 55. Qf3+ Kg6 56. Qf4 Qf5 57. Qd6+ Kh5 58. Qe7 Qf6 59. Qe8+ Kg5 60. Qe3+ Kg6 61. Qe8+ Qf7 62. Qe4+ Qf5 63. Qe8+ Kh7 64. Qe7 h5 65. Qe3 g6 66. Qf4 Kg7 67. Qd4+ Qf6 68. Qf4 Qxf4 69. gxf4 Kf6 70. Kg3 Kf5 71. Kf3 h4 72. g4+ hxg3 73. Kxg3 g5 74. fxg5 Kxg5 1/2-1/2

[Event "Titled Tuesday intern op 12th Jul Early"]
[Site "Chess.com INT"]
[Date "2022.07.12"]
[Round "7"]
[White "Lubbe, Nikolas"]
[Black "Reprintsev, Alexander"]
[Result "1-0"]
[WhiteElo "2463"]
[BlackElo "2353"]
[PlyCount "65"]
[EventDate "2022.07.12"]
[EventType "swiss (blitz)"]
[EventRounds "11"]
[EventCountry "USA"]
[SourceTitle "EXT 2023"]
[Source "ChessBase"]
[SourceDate "2022.10.05"]
[SourceVersion "1"]
[SourceVersionDate "2022.10.05"]
[SourceQuality "1"]

1. d4 d5 2. Nc3 Nf6 3. Bf4 a6 4. e3 c5 5. dxc5 Nbd7 6. b4 e5 7. Bg3 a5 8. a3 axb4 9. axb4 Rxa1 10. Qxa1 Be7 11. Nf3 0-0 12. Nxe5 Nxe5 13. Bxe5 b6 14. Bd4 bxc5 15. bxc5 Be6 16. Bd3 Nd7 17. Na4 f6 18. 0-0 Qc7 19. Qc3 Rc8 20. Nb6 Nxb6 21. cxb6 Qxc3 22. Bxc3 Rxc3 23. b7 Bd6 24. Ra1 Kf7 25. Ra8 h5 26. g3 g5 27. Rd8 Ra3 28. Rxd6 Ra1+ 29. Kg2 Rb1 30. Ba6 g4 31. Rd8 d4 32. e4 f5 33. b8Q 1-0